000 00506nmm a2200145Ia 4500
008 251105s9999||||xx |||||||||||||||||und||
041 _aspa
100 _aLópez Rodríguez, Fernandez
245 0 _aHistoria queer del flamenco :
_b Desvíos, transiciones y retornos en el baile flamenco (1808-2018)
264 _a[Madrid, España] :
_bEditorial Egales,
_c2021
300 _a377 páginas
650 _aSocial Sciences (General)
856 _uhttps://public.digitaliapublishing.com/a/136994
942 _cCF
999 _c106851
_d106851